blue lock prime - Statistiques

Statistiques générales
  • Ce quiz a été pris 177 fois
  • Le résultat moyen est 10 sur 29
Statistiques - réponses
offre Réponse club % Correct
180,000,000 Rin Itoshi Paris X Gen
96%
150,000,000 Yoichi Isagi Bastard München
82%
66,000,000 Meguru Bachira FC Barcha
70%
130,000,000 Shoei Baro Ubers
65%
43,000,000 Seishiro Nagi Manshine City
61%
50,000,000 Hyoma Chigiri Manshine City
55%
50,000,000 Rensuke Kunigami Bastard München
52%
36,000,000 Reo Mikage Manshine City
52%
38,000,000 Oliver Aiku Ubers
42%
30,000,000 Ikki Niko Ubers
36%
36,000,000 Kenyu Yukimiya Bastard München
36%
25,000,000 Ryusei Shido Paris X Gen
36%
22,000,000 Eita Otoya FC Barcha
34%
24,000,000 Tabito Karasu Paris X Gen
34%
20,000,000 Yo Hiori Bastard München
34%
34,000,000 Ranze Kurona Bastard München
33%
32,000,000 Gin Gagamaru Bastard München
31%
18,000,000 Jingo Raichi Bastard München
30%
35,000,000 Jyubei Aryu Ubers
25%
20,000,000 Shuto Sendo Ubers
25%
3,000,000 Nijiro Nanase Paris X Gen
19%
10,000,000 Aoshi Tokimitsu Paris X Gen
17%
8,000,000 Zantetsu Tsurugi Paris X Gen
16%
15,000,000 Miroku Darai FC Barcha
11%
5,000,000 Gen Fukaku Ubers
10%
4,000,000 Junichi Wanima Manshine City
9%
6,000,000 Kazuma Nio Manshine City
9%
13,000,000 Haru Hayate FC Barcha
8%
5,000,000 Reiji Hiiragi Manshine City
6%
Aucun quiz correspondant
Distribution des résultats
% des personnes avec chaque résultat
Percentile par nombre de réponses
Votre historique - résultats
Vous n’avez pas pris ce quiz